Intelligent enterprise : a knowledge and service based paradigm for industry

Αποθηκεύτηκε σε:
Λεπτομέρειες βιβλιογραφικής εγγραφής
Κύριος συγγραφέας: Quinn, James Brian, 1928-2012
Άλλοι συγγραφείς: Peters, Tom
Μορφή: Βιβλίο
Γλώσσα:English
Δημοσίευση: New York ; London : The Free press, c1992
Θέματα:
Ετικέτες: Προσθήκη ετικέτας
Δεν υπάρχουν, Καταχωρήστε ετικέτα πρώτοι!

MARC

LEADER 00000nam a2200000 i 4500
001 1/2046
008 000420s1992 eng d
020 |a 0029256151 
035 |l 10060254 
040 |a GR-MY-UA  |b gre  |e aacr 
041 0 |a eng 
082 0 |a 658.514 
100 1 |a Quinn, James Brian,   |d 1928-2012. 
245 1 0 |a Intelligent enterprise :  |b a knowledge and service based paradigm for industry /  |c James Brian Quinn ; foreword by Tom Petters 
260 |a New York ; London :   |b The Free press,   |c c1992 
300 |a xx, 473 p.;  |b ill.;  |c 25 cm. 
504 |a Includes bibliographical references and index 
650 0 0 |a Organizational effectiveness. 
650 0 0 |a Organizational change. 
650 0 0 |a Customer services. 
650 0 0 |a Technological innovations. 
700 1 |a Peters, Tom. 
852 |a INST  |b SAMOS  |e 20000420  |h 658.514 QUI  |p 005300015348  |q 005300015348  |t BK  |y 0 
901 |a BIBL3-2000-1 
909 |a Σ  |b 075117 
922 |a 3ΕΛΗ  |b 200003  |c ΤΠΕΣ/ΤΑΚΤ  |d ΠΑΠΑΣΩΤΗΡΙΟΥ 
970 |a ΓΕΝΟΥΖΟΥ  |b ΧΡΥΣΑΝΘΗ  |z 2000/04/20